|
|
|
|
| LEADER |
00000nab a2200000u 4500 |
| 001 |
vtls012261229 |
| 003 |
SK-MaSNL |
| 005 |
20260303234031.0 |
| 008 |
240726|2024 xo ||||||| || ||slo| |
| 038 |
|
|
|a KEVKJB
|
| 040 |
|
|
|a KEVKJB
|b slo
|c KEVKJB
|e rda
|
| 041 |
0 |
|
|a slo
|
| 043 |
|
|
|a e-xo---
|
| 044 |
|
|
|a xo
|c SK
|
| 072 |
|
7 |
|a 797
|x Vodné športy. Letecké športy
|2 konspekt
|
| 080 |
|
|
|a 797.5
|2 2011
|
| 100 |
1 |
|
|a Floriánová, Monika
|4 aut
|9 1089431
|
| 245 |
1 |
0 |
|a K oblakom vďaka náhode
|c Monika Floriánová
|
| 300 |
|
|
|b Fotografia
|
| 336 |
|
|
|a text
|b txt
|2 rdacontent
|
| 337 |
|
|
|a bez média
|b n
|2 rdamedia
|
| 338 |
|
|
|a zväzok
|b nc
|2 rdacarrier
|
| 611 |
2 |
7 |
|a Balónová fiesta
|d (2024 :
|c Košice, Slovensko)
|2 kevkjb
|9 1263191
|
| 650 |
0 |
7 |
|a balónové lietanie
|2 SNKPH
|9 79624
|
| 651 |
|
7 |
|a Nižná Myšľa (Slovensko)
|2 SNKPHgeo
|9 29643
|
| 651 |
|
7 |
|a Košice-okolie (Slovensko : okres)
|2 SNKPHgeo
|9 146743
|
| 773 |
0 |
|
|t Abovský hlásnik
|g Roč. 19, č. 2 (2024), s. 15
|x 1339-2549
|
| 852 |
|
|
|a KEVKJB
|b KIS3GCP
|
| 856 |
4 |
1 |
|u http://www.regionhornad.sk/web_object/4353.pdf
|
| 999 |
|
|
|c 2518709
|d 2520639
|